History Quiz

Random History or Letter Quiz

'D' American History Quiz Stats

Quiz Updated Feb 16, 2015

Challenge
Share
Tweet
Embed
Score 0/20 Timer 07:00
2 Plays Today
Hint Answer % Correct
Which political party includes Andrew Jackson and Franklin D. Roosevelt?Democratic Party
99.3%
What city was home of the American auto industry throughout the 20th century?Detroit
97.5%
What was the code name for the offensive against Iraq by the U.S. and its allies in 1991?Desert Storm
77.7%
What document, written by Thomas Jefferson, justified the American Revolution to King George III?Declaration of Independence
76.6%
Who was the first and only president of the Confederate States of America?Jefferson Davis
73.4%
What period of storms and drought greatly damaged the agriculture of American prairies during the 1930s?Dust Bowl
73.1%
Which escaped slave, known for his oratory and writing, became a leader in the abolitionist movement?Frederick Douglass
59.2%
Which Massachusetts governor ran for president in 1988?Michael Dukakis
57.9%
Who was the Republican candidate for president in 1944 and 1948?Thomas E. Dewey
56.8%
What French word for relaxation of tensions described U.S.-Soviet relations during the 1970s?Détente
52.2%
Hint Answer % Correct
What was the nickname for an American soldier who served in Europe during WWI?Doughboy
45.9%
What term was given to an American who opposed U.S. involvement in the Vietnam War?Dove
42.6%
Which blacksmith invented the steel plow in 1839?John Deere
41.2%
Who was John Scopes' defense attorney in the 1925 'Monkey Trial'?Clarence Darrow
33%
Which African-American intellectual co-founded the NAACP in 1909 and authored 'The Souls of Black Folk'?W.E.B. DuBois
31%
What plaza in Dallas, Texas, was the site of President Kennedy's assassination?Dealey Plaza
30.3%
Which staunch advocate against communism served as Secretary of State under President Eisenhower?John Foster Dulles
23.2%
What book was published in 1835 by Alexis de Tocqueville following his visit to the U.S.?Democracy in America
17.7%
Which company established and governed New Netherlands from 1624 until 1664?Dutch West India Company
17.2%
Which activist created the first generation of mental asylums in the United States?Dorothea Dix
13.9%

You're not logged in!

Compare scores with friends on all Sporcle quizzes.
Join for Free
OR
Log In

You Might Also Like...

Show Comments

Extras

Top Quizzes Today


Score Distribution

Your Account Isn't Verified!

In order to create a playlist on Sporcle, you need to verify the email address you used during registration. Go to your Sporcle Settings to finish the process.

Report this User

Report this user for behavior that violates our Community Guidelines.

Details: